Transferencia de conocimientos al sector público (Registro nro. 22835)

Detalles MARC
000 -LEADER
fixed length control field 00434 a2200145 4500
001 - CONTROL NUMBER
control field ART_6815
005 - DATE AND TIME OF LATEST TRANSACTION
control field 20260410161826.0
008 - FIXED-LENGTH DATA ELEMENTS--GENERAL INFORMATION
fixed length control field 260409a
100 1# - MAIN ENTRY--PERSONAL NAME
Personal name Mallo, Paulino E.
245 10 - TITLE STATEMENT
Title Transferencia de conocimientos al sector público
700 1# - ADDED ENTRY--PERSONAL NAME
Personal name Artola, María A.
700 1# - ADDED ENTRY--PERSONAL NAME
Personal name Zanfrillo, Alicia I.
700 1# - ADDED ENTRY--PERSONAL NAME
Personal name Morettini, Mariano
773 0# - HOST ITEM ENTRY
Title FACES
Related parts - Año 16, Nº 34/35 (ene./dic. 2010)
Record control number REV5046

No hay ítems disponibles.